Loading...
| Mythology | 0 | 6 | 2 | 0 | 50 | 23 | 48.50 | 0 | 3 |
| Fine Arts - Classical Music | 0 | 2 | 0 | 0 | 20 | 58 | 60.00 | 0 | 1 |
| History - Other History | 0 | 2 | 0 | 0 | 20 | 14 | 55.00 | 0 | 1 |
| Fine Arts - Other Fine Arts | 0 | 2 | 0 | 0 | 20 | 51 | 58.00 | 0 | 1 |
| Literature - British Literature | 0 | 2 | 0 | 0 | 20 | 53 | 77.00 | 0 | 1 |
| Philosophy | 0 | 2 | 0 | 0 | 20 | 31 | 46.50 | 1 | 2 |
| Science - Other Science | 0 | 2 | 1 | 1 | 15 | 74 | 84.00 | 0 | 0 |
| History - World History | 0 | 2 | 1 | 0 | 15 | 31 | 57.50 | 0 | 1 |
| Science - Biology | 0 | 2 | 1 | 1 | 15 | 94 | 96.00 | 0 | 0 |
| Geography | 0 | 1 | 0 | 1 | 10 | 118 | 118.00 | 0 | 0 |
| Science - Chemistry | 0 | 1 | 0 | 0 | 10 | 73 | 73.00 | 0 | 0 |
| History - European History | 0 | 1 | 0 | 0 | 10 | 61 | 61.00 | 0 | 0 |
| Literature - American Literature | 0 | 1 | 0 | 0 | 10 | 102 | 102.00 | 0 | 1 |
| Literature - World Literature | 0 | 1 | 0 | 0 | 10 | 83 | 83.00 | 0 | 0 |
| Social Science | 0 | 1 | 1 | 0 | 5 | 88 | 88.00 | 0 | 0 |
| History - American History | 0 | 1 | 1 | 0 | 5 | 62 | 62.00 | 0 | 1 |
| Religion | 0 | 1 | 1 | 1 | 5 | 111 | 111.00 | 0 | 0 |
| Science - Physics | 0 | 1 | 2 | 0 | 0 | 72 | 72.00 | 0 | 0 |
| Literature - European Literature | 0 | 0 | 3 | 0 | -15 | 0.00 | 0 | 0 |